| 000 | 01538cac a2200253 a 4500 | ||
|---|---|---|---|
| 003 | CO-PeBPM | ||
| 005 | 20251202112404.0 | ||
| 008 | 231129s2004||||ck ||||||||||||| ||spa|| | ||
| 020 | _a9589249965 | ||
| 040 |
_aCO-PeBPM _bspa _cCO-PeBPM _erda |
||
| 041 | _aspa | ||
| 082 |
_a157.8 A473c _222 |
||
| 100 | 1 |
_aÁlvarez Villegas, Hernán _eautor |
|
| 245 | 1 | 0 |
_aCompendio básico de la estupidez _c/ Hernán Álvarez Villegas |
| 260 |
_aPereira, Colombia _b: Papiro _c, 2004 |
||
| 300 |
_a122 páginas _c22 centimetros |
||
| 500 | _aIncluye índice | ||
| 520 | _aEn este ensayo el autor hace un detallado análisis de la estupidez, sus causas y sus variadas formas. Estudia definiciones y trae un pormenorizado método para lograr acrecentarla o por lo menos dejarla impresa en las mentes de los jóvenes. Pone ante nuestros ojos la triste realidad de que la estupidez forma parte de la condición humana; que es tan exclusiva de nuestra especie como la risa, el llanto, el amor o el odio y que nadie está exento de sus manifestaciones. Comprueba que la estupidez es una plaga que ha acabado con vastos imperios, y a la vez asegura, que es una maravilla explotable, siempre y cuando el número de estúpidos sea suficientemente alto. | ||
| 650 | 1 | 4 |
_aEstupidez - Anécdotas, chistes, sátiras, etc. _2LEMB |
| 650 | 1 | 4 |
_aEstupidez - Ensayos, conferencias, etc. _2LEMB |
| 650 | 1 | 4 |
_aInsuficiencia mental - Ensayos, conferencias, etc. _2LEMB |
| 650 | 1 | 4 |
_aRelaciones humanas _2LEMB |
| 942 |
_2ddc _cBK |
||
| 999 |
_c7726 _d7726 |
||